|
|
|
|
| LEADER |
02190nem a22004452a 4500 |
| 001 |
mzk03001057197 |
| 003 |
CZ BrMZK |
| 005 |
20110527094133.0 |
| 007 |
aj|aa||| |
| 008 |
071113s1702 gw i||||||a|||r|0|||latod |
| 034 |
1 |
|
|a a
|b 195000
|d E0071406
|e E0083230
|f N0492511
|g N0472106
|
| 040 |
|
|
|a BOA001
|b cze
|
| 043 |
|
|
|a e-gx---
|a e-fr---
|
| 072 |
|
7 |
|a 912:904
|x Staré mapy
|2 Konspekt
|9 7
|
| 080 |
|
|
|a (084.3)
|2 MRF
|
| 080 |
|
|
|a (430.127)
|2 MRF
|
| 080 |
|
|
|a (44)
|2 MRF
|
| 080 |
|
|
|a 912.43:069.5
|2 MRF
|
| 100 |
1 |
|
|a Sandrart, Jakob von,
|d 1630-1708
|7 mzk2008433844
|4 aut
|
| 245 |
1 |
0 |
|a Alsatiae Svperioris et Inferioris accuratissima Geographica Descriptio
|h [kartografický dokument] :
|b orrecta et aucta Basileae Anno MDCCII Recusa Norimbergae eodem Anno auctior /
|c per Jacobum de Sandrart
|
| 255 |
|
|
|a Měřítko [ca 1:195 000]. 4,2 cm = 2 Milliaria Gallica Magna
|c (007°14´06" v.d.--008°32´30" v.d./049°25´11" s.š.--047°21´06" s.š.)
|
| 260 |
|
|
|a Norimbergae :
|b [s.n.],
|c 1702
|
| 300 |
|
|
|a 1 mapa :
|b mědirytina ;
|c 34 x 119 cm na listu 53 x 128 cm, složeno na 53 x 56 cm
|
| 500 |
|
|
|a Slepeno ze dvou částí
|
| 500 |
|
|
|a Výzdoba: V levém horním rohu alianční znaky, nahoře uprostřed název ve vavřínovém věnci, v pravém horním rohu text v text v kartuši ozdobené zbrojí, v levém dolním rohu tabule s vysvětlivkami a grafickým měřítkem, v pravém dolním rohu text s grafickým měřítkem, severka, ozdobný mapový rámec
|
| 510 |
4 |
|
|a Kuchař, K. Mapová sbírka B.P. Molla,
|c s. 386
|
| 655 |
|
7 |
|a historické mapy
|7 fd186723
|2 czenas
|
| 650 |
0 |
4 |
|a Mollova mapová sbírka
|
| 650 |
0 |
7 |
|a mapové sbírky
|z Česko
|7 ph182407
|2 czenas
|
| 610 |
2 |
7 |
|a Moravská zemská knihovna (Brno, Česko).
|b Mapová sbírka B.P. Molla
|7 mzk2005304487
|2 czenas
|
| 651 |
|
7 |
|a Alsasko (Francie)
|7 ge128655
|2 czenas
|
| 651 |
|
7 |
|a Bádensko-Württembersko (Německo)
|7 ge128877
|2 czenas
|
| 856 |
4 |
1 |
|u http://mapy.mzk.cz/mzk03/001/057/197/2619318114
|y Digitalizovaný dokument
|
| 903 |
|
|
|a RP
|
| 910 |
|
|
|a BOA001
|b Moll-0004.303
|
| 978 |
|
|
|b Sandrart, Jacob von
|a Nürnberg
|c 1702
|
| 984 |
|
|
|a Norimberk
|b Německo
|
| 985 |
|
|
|a 1701-1750
|
| 990 |
|
|
|a MP
|
| 991 |
|
|
|k mzk
|